01859cam a2200361 i 45000010009000000050017000090060019000260070015000450080041000600100017001010200026001180200027001440350013001710400028001840500010002121000031002222450110002532640053003633000022004163360026004383370026004643380036004905040053005265200373005795880082009526500027010347760137010619060045011989420015012439990015012589520112012739520112013852180385220251218143936.0m |o d | cr |||||||||||201023s2021 ilu ob 001 0 eng  a 2020047935 a9780830853779q(epub) z9780830853762q(print) a21803852 aDLCbengcDLCerdadKMU00aBT9271 aBeilby, James K.,eauthor.10aPostmortem opportunity :ba biblical and theological assessment of salvation after death /cJames Beilby. 1aDowners Grove, Illinois :bIVP Academic,c[2021] a1 online resource atextbtxt2rdacontent acomputerbc2rdamedia aonline resourcebcr2rdacarrier aIncludes bibliographical references and indexes. a"What happens to those who did not hear the gospel before death, or who heard an incorrect version? What about those who were too young or who were otherwise unable to respond? Examining the biblical evidence and assessing the theological implications, James Beilby offers a careful consideration of the possibility for salvation after death"--cProvided by publisher. aDescription based on print version record and CIP data provided by publisher. 0aSalvation after death.08iPrint version:aBeilby, James K..tPostmortem opportunitydDowners Grove, IL : IVP Academic, [2021]z9780830853762w(DLC) 2020047934 a7bcbccorignewd1eecipf20gy-gencatlg 2lcccBKn0 c2471d2471 00102lcc40708NFICaCPLbCPLcOAd2025-12-18l0oBT 927 Beip301359r2025-12-18 00:00:00w2025-12-18yBK 00102lcc40708NFICaCPLbCPLcOAd2025-12-18l0oBT 927 Beip301360r2025-12-18 00:00:00w2025-12-18yBK